[Event "Sparkassen-Open B"]
[Site "Heusenstamm, Martinsee"]
[Date "2023.11.24"]
[Round "3.27"]
[White "Fritsch, Reinhold"]
[Black "Hofmann, André"]
[Result "0-1"]
[WhiteElo "1580"]
[BlackElo "1380"]
[PlyCount "96"]
[EventDate "2023.??.??"]
[WhiteTeam "SC Somborn 1933"]
[BlackTeam "Düsseldorfer SV 1854"]

1. Nf3 Nf6 2. e3 g6 3. b3 Bg7 4. Bb2 O-O 5. c4 d6 6. h3 Nc6 7. g4 b6 8. g5 Ne8 9. Bxg7 Nxg7 10. h4 Bg4 11. Nc3 Ne5 12. Be2 Rc8 13. Nxe5 Bxe2 14. Qxe2 dxe5 15. O-O-O f6 16. Ne4 f5 17. Nc3 c6 18. d4 Qd6 19. d5 Qb4 20. Kb2 e6 21. dxe6 Nxe6 22. h5 Nxg5 23. hxg6 hxg6 24. f4 Nf7 25. Qh2 Kg7 26. Qh7+ Kf6 27. fxe5+ Nxe5 28. Qh4+ Ke6 29. a3 Qe7 30. Qg3 Rcd8 31. Ne2 Rg8 32. Nf4+ Kf6 33. Qh4+ Kf7 34. Qf2 Rxd1 35. Rxd1 Ng4 36. Qf3 Qxe3 37. Qxe3 Nxe3 38. Rd7+ Kf6 39. Rxa7 Ke5 40. Nd3+ Ke4 41. Nb4 c5 42. Re7+ Kf3 43. Nd5 f4 44. Nxb6 g5 45. Nd7 g4 46. Ne5+ Ke2 47. Nxg4 Rxg4 48. a4 f3 0-1

[Event "Sparkassen-Open B"]
[Site "Heusenstamm, Martinsee"]
[Date "2023.11.24"]
[Round "3.28"]
[White "Grimm, Benjamin"]
[Black "Stehning, Michel"]
[Result "0-1"]
[WhiteElo "1198"]
[BlackElo "1571"]
[PlyCount "88"]
[EventDate "2023.??.??"]
[WhiteTeam "Godesberger SK 1929 e. V"]
[BlackTeam "SF Braunfels"]

1. d4 d5 2. Nf3 Nf6 3. c3 e6 4. Bf4 c5 5. e3 Nc6 6. h3 b6 7. Nbd2 Bb7 8. Bd3 Bd6 9. Ne5 Qc7 10. Ndf3 Ne4 11. Bb5 O-O 12. Bxc6 Bxc6 13. Nxc6 Bxf4 14. exf4 Qxc6 15. Ne5 Qc7 16. O-O f6 17. Nf3 Qxf4 18. Qc1 Qd6 19. Nd2 Nxd2 20. Qxd2 Rfe8 21. f4 Rac8 22. Rae1 cxd4 23. Qxd4 Rc4 24. Qd2 Rec8 25. Rf3 b5 26. b3 R4c6 27. Qd4 Qc7 28. Rfe3 Kf7 29. f5 e5 30. Qxd5+ Kf8 31. Qxb5 Rxc3 32. Qb4+ Qc5 33. Qxc3 Qxc3 34. Rxc3 Rxc3 35. Rd1 Ke7 36. Rd5 Rc1+ 37. Kh2 g6 38. fxg6 hxg6 39. Ra5 Rc7 40. Kg3 Kf7 41. Kf3 Re7 42. Ke4 f5+ 43. Kd5 e4 44. Ra4 e3 0-1

[Event "Sparkassen-Open B"]
[Site "Heusenstamm, Martinsee"]
[Date "2023.11.24"]
[Round "3.30"]
[White "Dietrich, Fabian"]
[Black "Matsoukas, Konstantinos"]
[Result "1-0"]
[WhiteElo "1413"]
[BlackElo "1205"]
[PlyCount "45"]
[EventDate "2023.??.??"]
[WhiteTeam "SK Marburg 1931/72"]
[BlackTeam "SAbt TuS Makkabi Ffm"]

1. Nf3 d5 2. e3 c5 3. c4 e6 4. Nc3 Nf6 5. cxd5 exd5 6. d4 Nc6 7. Be2 Be7 8. O-O O-O 9. b3 Bf5 10. Bb2 cxd4 11. Nxd4 Bg6 12. Rc1 a6 13. Re1 Rc8 14. Nxc6 bxc6 15. Bxa6 Ra8 16. Bb7 Ra7 17. Bxc6 Bb4 18. Re2 Bxc3 19. Bxc3 Ra6 20. Bxf6 Qxf6 21. Bxd5 Rd8 22. Rd2 Rad6 23. Rc4 1-0

[Event "Sparkassen-Open B"]
[Site "Heusenstamm, Martinsee"]
[Date "2023.11.24"]
[Round "3.31"]
[White "Ziegler, Christopher"]
[Black "Barth, Horst"]
[Result "1-0"]
[WhiteElo "1524"]
[BlackElo "1261"]
[PlyCount "65"]
[EventDate "2023.??.??"]
[WhiteTeam "SV 1920 Kelsterbach"]
[BlackTeam "Sfr.Mainz 1928"]

1. e4 c5 2. Nc3 a6 3. Nf3 d6 4. d4 cxd4 5. Qxd4 Nc6 6. Qd2 g6 7. Bc4 e6 8. b3 Bg7 9. Bb2 Nf6 10. O-O-O h5 11. h3 Bh6 12. Ng5 Ne5 13. Be2 O-O 14. f4 Nc6 15. g4 h4 16. Kb1 b5 17. Nf3 Bg7 18. g5 Nh5 19. Nxh4 Ng3 20. Rhe1 Nd4 21. Bg4 Bb7 22. Re3 Nh5 23. Bxh5 gxh5 24. Rd3 Nc6 25. Rxd6 Qb6 26. g6 Rad8 27. gxf7+ Kxf7 28. Rd7+ Kg8 29. Qg2 Rxd7 30. Rxd7 Rf7 31. Rxf7 Kxf7 32. Qg6+ Kg8 33. Nd5 1-0

[Event "Sparkassen-Open B"]
[Site "Heusenstamm, Martinsee"]
[Date "2023.11.24"]
[Round "3.32"]
[White "Leichum, Engelbert"]
[Black "Niesel, Markus"]
[Result "1-0"]
[WhiteElo "1527"]
[BlackElo "1186"]
[PlyCount "44"]
[EventDate "2023.??.??"]
[WhiteTeam "Frankfurt/Main"]
[BlackTeam "SV 1934 Ffm-Griesheim"]

1. e4 e5 2. d4 exd4 3. c3 dxc3 4. Bc4 cxb2 5. Bxb2 f6 6. Nf3 Bb4+ 7. Nbd2 Qe7 8. O-O Nc6 9. e5 fxe5 10. Nxe5 d6 11. Nxc6 Qd7 12. Re1+ Kf8 13. Nxb4 Qf5 14. Re3 Qg6 15. Rf3+ Nf6 16. Nd5 Bg4 17. Nxf6 Bxf3 18. Nd7+ Ke8 19. Qxf3 Kxd7 20. Bd3 Qg5 21. Qxb7 Qxd2 22. Bf5+ Kd8 1-0

[Event "Sparkassen-Open B"]
[Site "Heusenstamm, Martinsee"]
[Date "2023.11.24"]
[Round "3.33"]
[White "Memmeler, Björn"]
[Black "Culha, Merve"]
[Result "1-0"]
[WhiteElo "1519"]
[BlackElo "837"]
[PlyCount "41"]
[EventDate "2023.??.??"]
[WhiteTeam "Schachfüchse Kempen 1986 e. V."]
[BlackTeam "SC Heusenstamm"]

1. Nf3 d6 2. d4 Nd7 3. g3 Ngf6 4. Bg2 g6 5. O-O Bg7 6. b3 O-O 7. Bb2 Re8 8. c4 d5 9. Nc3 c6 10. Re1 e5 11. dxe5 Nxe5 12. Nxe5 Rxe5 13. cxd5 cxd5 14. e3 Bg4 15. Qd2 Qa5 16. Qd4 Bf5 17. Qxe5 Re8 18. Qd4 Rd8 19. Qa4 Qc7 20. Rac1 a6 21. Nxd5 1-0

[Event "Sparkassen-Open B"]
[Site "Heusenstamm, Martinsee"]
[Date "2023.11.24"]
[Round "3.37"]
[White "Rempe, Lennik"]
[Black "Friedel, Thomas"]
[Result "0-1"]
[WhiteElo "1321"]
[BlackElo "1498"]
[PlyCount "32"]
[EventDate "2023.??.??"]
[WhiteTeam "SK Doppelbauer Kiel von 1910 e.V"]
[BlackTeam "SV 1946 Groß-Gerau"]

1. e4 e5 2. Nf3 d6 3. d4 exd4 4. Nxd4 Nf6 5. Nc3 Be7 6. Bd3 O-O 7. O-O Re8 8. Re1 Nbd7 9. Nf5 Bf8 10. Nd5 Nxd5 11. exd5 Ne5 12. Be3 Qf6 13. Qh5 Nxd3 14. Bg5 Rxe1+ 15. Rxe1 Qxf5 16. cxd3 h6 0-1

[Event "Sparkassen-Open B"]
[Site "Heusenstamm, Martinsee"]
[Date "2023.11.24"]
[Round "3.38"]
[White "El-Lawindy, Asem"]
[Black "Brunner, Andreas"]
[Result "1/2-1/2"]
[WhiteElo "1494"]
[BlackElo "1414"]
[PlyCount "102"]
[EventDate "2023.??.??"]
[WhiteTeam "VSG 1880 Offenbach"]
[BlackTeam "FV Berkersheim"]

1. d4 d5 2. Nf3 Nf6 3. e3 Bg4 4. h3 Bh5 5. Bd3 e6 6. Nbd2 Nc6 7. c3 Be7 8. O-O O-O 9. Qe2 a6 10. e4 dxe4 11. Nxe4 Bg6 12. Nxf6+ Bxf6 13. Bxg6 hxg6 14. Bf4 Rc8 15. Rfd1 Re8 16. Ne5 Ne7 17. Ng4 Nd5 18. Nxf6+ gxf6 19. Bg3 c6 20. Qf3 Nb6 21. Bh4 Kg7 22. Re1 Rh8 23. Bg3 Qd5 24. Qf4 Qg5 25. Qd6 Rhd8 26. Qb4 Qb5 27. Qxb5 axb5 28. Re4 Na4 29. Rb1 Rd5 30. Re3 Re8 31. b3 Nb6 32. Bc7 Nd7 33. Kf1 e5 34. f3 b4 35. dxe5 fxe5 36. cxb4 f5 37. Ke2 Rc8 38. Bxe5+ Rxe5 39. Rd1 Rxe3+ 40. Kxe3 Rc7 41. f4 Nb6 42. g3 Nd5+ 43. Kd4 Re7 44. b5 cxb5 45. Kc5 Nc3 46. Rd3 Nxa2 47. Kxb5 Nc1 48. Rc3 Ne2 49. Rd3 Kf7 50. b4 Nc1 51. Rc3 Ne2 1/2-1/2

[Event "Sparkassen-Open B"]
[Site "Heusenstamm, Martinsee"]
[Date "2023.11.24"]
[Round "3.39"]
[White "Heidtkamp, Anna"]
[Black "Gärtner, David"]
[Result "0-1"]
[WhiteElo "1267"]
[BlackElo "1286"]
[PlyCount "78"]
[EventDate "2023.??.??"]
[WhiteTeam "Düsseldorfer SV 1854"]
[BlackTeam "Sfr.Mainz 1928"]

1. e4 c5 2. Nf3 d6 3. d3 Nc6 4. g3 Nf6 5. Bg2 g6 6. O-O Bg7 7. Nbd2 O-O 8. Re1 d5 9. exd5 Nxd5 10. Nc4 Bg4 11. h3 Bd7 12. c3 Qc8 13. Kh2 Qc7 14. Qc2 b5 15. Ne3 Nf6 16. Kg1 Rad8 17. Qb3 Na5 18. Qc2 Bc6 19. a3 Qb7 20. Qe2 Nb3 21. Rb1 Nh5 22. Nd2 Bxg2 23. Nxg2 Nxd2 24. Bxd2 Rd7 25. Be3 Qc7 26. Nf4 Nf6 27. Rbd1 Rfd8 28. Rd2 e5 29. Ng2 c4 30. d4 Ne4 31. Rdd1 exd4 32. Bxd4 Bxd4 33. cxd4 Rxd4 34. Rxd4 Rxd4 35. Qe3 Qd7 36. Qf4 Nd2 37. Qf6 Rd3 38. Re7 Nf3+ 39. Kh1 Qxh3# 0-1

[Event "Sparkassen-Open B"]
[Site "Heusenstamm, Martinsee"]
[Date "2023.11.24"]
[Round "3.40"]
[White "Shymanskyi, Illia"]
[Black "Manasek, Martin"]
[Result "1-0"]
[WhiteElo "1301"]
[BlackElo "1500"]
[Annotator "Schloessner,Henrik"]
[PlyCount "95"]
[EventDate "2023.??.??"]
[WhiteTeam "SC Steinbach"]
[BlackTeam "SC Flörsheim 1921"]

1. e4 c6 2. d4 d5 3. exd5 cxd5 4. Nf3 Nc6 5. c3 Nf6 6. Bg5 e6 7. Nbd2 Be7 8. Bd3 O-O 9. O-O b6 10. Re1 Bb7 11. Qc2 h6 12. Bh4 Rc8 13. a3 a6 14. Ne5 Nxd4 15. Qa4 Nb5 16. Bxb5 axb5 17. Qxb5 Rc5 18. Qe2 Ne4 19. Nxe4 dxe4 20. Rad1 Rd5 21. Rxd5 exd5 22. Bxe7 Qxe7 23. Ng4 Qg5 24. Ne3 Rd8 25. Qg4 Qxg4 26. Nxg4 d4 27. cxd4 Rxd4 28. Ne3 g6 29. Rd1 Rd3 30. Rxd3 exd3 31. Kf1 f5 32. Ke1 Kg7 33. f3 Kf6 34. Kd2 Ba6 35. Nd5+ Ke5 36. Nxb6 Kd4 37. b4 g5 38. a4 g4 39. fxg4 fxg4 40. g3 Ke4 41. b5 Bb7 42. a5 Kf3 43. a6 Be4 44. a7 Kg2 45. a8=Q Bxa8 46. Nxa8 Kxh2 47. b6 Kxg3 48. b7 {An dieser Stelle hat wieder keiner gemerkt, dass der Bh6 mal eben nach h4 durchgeschoben wurde! 1-0 (55)} 1-0

[Event "Sparkassen-Open B"]
[Site "Heusenstamm, Martinsee"]
[Date "2023.11.24"]
[Round "3.41"]
[White "Moissl, Julian"]
[Black "Goodwin, David"]
[Result "0-1"]
[WhiteElo "1188"]
[BlackElo "1469"]
[PlyCount "54"]
[EventDate "2023.??.??"]
[WhiteTeam "SJ Herborn 1998"]
[BlackTeam "SV 1920 Kelsterbach"]

1. d4 g6 2. c4 Bg7 3. Nf3 d6 4. Bf4 c5 5. e3 Nd7 6. Nc3 Ngf6 7. Bd3 Nh5 8. Bg3 O-O 9. O-O Nxg3 10. fxg3 e5 11. d5 f5 12. Nd2 e4 13. Be2 Ne5 14. Qc2 Bh6 15. Nd1 a6 16. b3 Bd7 17. Rb1 b5 18. Rf2 b4 19. h3 a5 20. Nf1 a4 21. Nh2 axb3 22. axb3 Ra3 23. Qd2 Qa8 24. Qc1 Ra2 25. g4 fxg4 26. hxg4 Rxf2 27. Kxf2 Nd3+ 0-1

[Event "Sparkassen-Open B"]
[Site "Heusenstamm, Martinsee"]
[Date "2023.11.24"]
[Round "3.42"]
[White "Stecay, Anja Christina"]
[Black "Bär, Christian"]
[Result "1/2-1/2"]
[WhiteElo "1182"]
[BlackElo "1467"]
[PlyCount "22"]
[EventDate "2023.??.??"]
[WhiteTeam "SF Neuberg"]
[BlackTeam "SC Steinbach"]

1. e4 e5 2. Nf3 Nc6 3. d4 exd4 4. Bc4 h6 5. Nxd4 Nf6 6. Nc3 Bb4 7. O-O O-O 8. Re1 Re8 9. f3 Qe7 10. Bf4 Nxd4 11. Qxd4 Bc5 1/2-1/2

[Event "Sparkassen-Open B"]
[Site "Heusenstamm, Martinsee"]
[Date "2023.11.24"]
[Time "15:30:00"]
[Round "3.43"]
[PlyCount "99"]
[White "Wöhl, Torsten"]
[Black "Moissl, Felix"]
[Result "1-0"]
[WhiteElo "1463"]
[BlackElo "1404"]
[WhiteTeam "SC Groß-Zimmern"]
[BlackTeam "SJ Herborn 1998"]

1. d4 d5 2. Bf4 Bf5 3. e3 c5 4. c3 Qb6 5. Qb3 Qxb3 6. axb3 cxd4 7. exd4 Nc6 8. Nd2 e6 9. Ngf3 Be7 10. Bb5 Bd8 11. Bxc6+ bxc6 12. Ne5 Ne7 13. O-O O-O 14. Rfc1 f6 15. Nd7 Re8 16. Nc5 Ng6 17. Bg3 Bb6 18. Na6 e5 19. h3 Rac8 20. Nc5 Ra8 21. Nb7 Re6 22. Nc5 Ree8 23. Bh2 Bxc5 24. dxc5 Nf8 25. b4 Ne6 26. Nb3 Bd3 27. Na5 Bb5 28. Nb7 Reb8 29. Nd6 Ng5 30. Re1 Nf7 31. Nf5 Kf8 32. f4 e4 33. Nd4 g6 34. Ne6+ Ke7 35. Nc7 f5 36. Nxa8 Rxa8 37. Re3 a6 38. Kf2 Rg8 39. g4 Ke6 40. Rg1 Rg7 41. gxf5+ Kxf5 42. h4 h5 43. Reg3 Rg8 44. Ke3 Bc4 45. R1g2 Bb5 46. b3 Rg7 47. Kd4 Rg8 48. c4 dxc4 49. bxc4 Rd8+ 50. Kc3
1-0

[Event "Sparkassen-Open B"]
[Site "Heusenstamm, Martinsee"]
[Date "2023.11.24"]
[Round "3.45"]
[White "Filis, Fotios"]
[Black "Samy A S, Anthoni"]
[Result "1-0"]
[WhiteElo "1072"]
[BlackElo "1329"]
[PlyCount "107"]
[EventDate "2023.??.??"]
[WhiteTeam "SV 1920 Hofheim"]
[BlackTeam "SC Eschborn 1974"]

1. d4 d5 2. Nc3 Bf5 3. Bf4 e6 4. f3 Bb4 5. g4 Qh4+ 6. Bg3 Qd8 7. gxf5 exf5 8. Qd3 Ne7 9. Qb5+ Nbc6 10. Qd3 O-O 11. O-O-O a6 12. Bg2 Bxc3 13. Qxc3 Re8 14. e4 Rc8 15. e5 Na7 16. Bh4 Nb5 17. Qe3 Qd7 18. Bxe7 Rxe7 19. Ne2 b6 20. Nc3 c5 21. Nxb5 Qxb5 22. f4 Qd7 23. Qb3 b5 24. dxc5 d4 25. Qd5 Qxd5 26. Bxd5 Rxc5 27. Rxd4 Rd7 28. Rhd1 Rdc7 29. Bb3 g6 30. Rd7 Kg7 31. e6 Kf6 32. e7 Rxd7 33. Rxd7 Rc8 34. Rd8 Rxc2+ 35. Kxc2 Kxe7 36. Ra8 f6 37. Kd3 g5 38. Ke3 h5 39. Rxa6 g4 40. Ra7+ Kf8 41. Rh7 h4 42. Rxh4 Kg7 43. h3 g3 44. Kf3 Kg6 45. Kxg3 b4 46. Rh8 Kg7 47. Rb8 Kg6 48. Rxb4 Kg7 49. a4 Kf8 50. Rb7 Ke8 51. a5 Kd8 52. a6 Kc8 53. Bd5 Kd8 54. a7 1-0

[Event "Sparkassen-Open B"]
[Site "Heusenstamm, Martinsee"]
[Date "2023.11.24"]
[Round "3.46"]
[White "Arne, Julius"]
[Black "Longerich, Hans-Peter"]
[Result "1/2-1/2"]
[WhiteElo "1073"]
[BlackElo "1431"]
[PlyCount "47"]
[EventDate "2023.??.??"]
[WhiteTeam "SG Kaiserslautern 1905"]
[BlackTeam "SC Bayer Leverkusen e. V"]

1. e4 c6 2. d4 d5 3. Nc3 dxe4 4. Nxe4 Nd7 5. Qe2 Ndf6 6. Nxf6+ Nxf6 7. c3 Bf5 8. Nf3 e6 9. g3 Be7 10. Bg2 O-O 11. O-O h6 12. h3 Re8 13. Nh4 Bh7 14. Bd2 Nd5 15. Nf3 Nf6 16. Ne5 Rf8 17. Bf4 Qe8 18. Rfe1 Rd8 19. Qd1 Bd6 20. Qd2 Bg6 21. Qe2 Bxe5 22. Bxe5 Qd7 23. Qf3 Nd5 24. Qe2 1/2-1/2

[Event "Sparkassen-Open B"]
[Site "Heusenstamm, Martinsee"]
[Date "2023.11.24"]
[Round "3.47"]
[White "Herdt, Werner"]
[Black "Hellmann, Alexander"]
[Result "1/2-1/2"]
[WhiteElo "1421"]
[BlackElo "1199"]
[PlyCount "34"]
[EventDate "2023.??.??"]
[WhiteTeam "SF Heusenstamm"]
[BlackTeam "SJ Herborn 1998"]

1. d4 d5 2. c4 c6 3. Nc3 Nf6 4. e3 Bf5 5. Bd3 Bg6 6. Bxg6 fxg6 7. Nf3 e6 8. a3 Bd6 9. c5 Bc7 10. b4 O-O 11. O-O Nbd7 12. Re1 Qe7 13. e4 Qf7 14. Ng5 Qe8 15. e5 Nh5 16. Qg4 Rf5 17. Nf3 Bd8 1/2-1/2

[Event "Sparkassen-Open B"]
[Site "Heusenstamm, Martinsee"]
[Date "2023.11.24"]
[Round "3.48"]
[White "Ketting, Douwe"]
[Black "Stojanoski, Stefan"]
[Result "1-0"]
[WhiteElo "1483"]
[BlackElo "1354"]
[PlyCount "123"]
[EventDate "2023.??.??"]
[WhiteTeam "SC Somborn 1933"]
[BlackTeam "SAbt TuS Makkabi Ffm"]

1. b4 d5 2. Bb2 Nc6 3. b5 Na5 4. d3 c6 5. bxc6 Nxc6 6. d4 Bf5 7. Nf3 Nb4 8. Na3 Qa5 9. c3 e6 10. Qb3 Qb6 11. cxb4 Bxb4+ 12. Bc3 Bxc3+ 13. Qxc3 Nf6 14. Qc5 Ne4 15. Qb5+ Qxb5 16. Nxb5 O-O 17. Nh4 Rfc8 18. Nxf5 exf5 19. f3 Nc3 20. Nd6 Rc7 21. Rc1 Rd7 22. Rxc3 Rxd6 23. e3 Re8 24. Kd2 Rb6 25. Rb3 Rxb3 26. axb3 Rc8 27. Bd3 g6 28. Rc1 Rxc1 29. Kxc1 Kg7 30. Bb5 Kh6 31. Be8 Kg7 32. Bd7 Kf6 33. Kd2 h5 34. f4 g5 35. fxg5+ Kxg5 36. Bc8 f4 37. Bxb7 fxe3+ 38. Kxe3 f5 39. Bxd5 f4+ 40. Kf3 Kf5 41. Be4+ Ke6 42. Kxf4 Kf6 43. Bf3 h4 44. h3 a5 45. Ke4 Ke6 46. d5+ Kd6 47. Kd4 Kd7 48. Kc5 Kc7 49. Kb5 a4 50. bxa4 Kd6 51. Kb6 Kd7 52. Kb7 Kd6 53. a5 Kc5 54. a6 Kb5 55. a7 Kc5 56. a8=Q Kb5 57. d6 Kc5 58. d7 Kd4 59. d8=Q+ Kc3 60. Qac8+ Kb3 61. Qb6+ Ka2 62. Qa8# 1-0

[Event "Sparkassen-Open B"]
[Site "Heusenstamm, Martinsee"]
[Date "2023.11.24"]
[Round "3.49"]
[White "Weyerer, Elea"]
[Black "Pichl, Johann"]
[Result "1-0"]
[WhiteElo "1305"]
[BlackElo "1475"]
[PlyCount "39"]
[EventDate "2023.??.??"]
[WhiteTeam "SV Oberursel"]
[BlackTeam "SK Bad Homburg 1927"]

1. d4 Nf6 2. Bf4 c5 3. e3 Qb6 4. Nc3 Nc6 5. dxc5 Qxc5 6. Nb5 Ne5 7. Qd4 Qxd4 8. exd4 Ng6 9. Nc7+ Kd8 10. Bg3 Rb8 11. Ne6+ fxe6 12. Bxb8 a6 13. Bg3 d5 14. Nf3 Ne4 15. Bd3 Nxg3 16. hxg3 Rg8 17. Rxh7 Nh8 18. Ng5 g6 19. Rxh8 Rxh8 20. Nf7+ 1-0

[Event "Sparkassen-Open B"]
[Site "Heusenstamm, Martinsee"]
[Date "2023.11.24"]
[Round "3.50"]
[White "Koch, Mika Jonas"]
[Black "Vinogradov, Roman"]
[Result "0-1"]
[WhiteElo "1412"]
[BlackElo "1306"]
[PlyCount "80"]
[EventDate "2023.??.??"]
[WhiteTeam "SK Marburg 1931/72"]
[BlackTeam "SV 1947 Walldorf"]

1. e4 e5 2. Nf3 Nc6 3. Bb5 Nge7 4. O-O a6 5. Ba4 d6 6. c3 Bg4 7. h3 b5 8. hxg4 bxa4 9. Qxa4 g6 10. d4 Qd7 11. d5 Nb8 12. Qxd7+ Nxd7 13. Be3 Bg7 14. c4 O-O 15. Nc3 Nf6 16. Bg5 h6 17. Bxf6 Bxf6 18. Nd2 Rfc8 19. b3 Bg5 20. Nf3 Bf6 21. Rac1 c6 22. dxc6 Nxc6 23. Nd5 Bd8 24. Rfd1 a5 25. Rd2 Nb4 26. Nxb4 axb4 27. Rxd6 Rxa2 28. Nxe5 Bc7 29. Rc6 Rb2 30. Nd7 Rxb3 31. Nf6+ Kg7 32. Rd1 Rc3 33. Nd5 Bh2+ 34. Kxh2 Rxc6 35. Nxc3 bxc3 36. Rc1 Rxc4 37. f3 Kf6 38. g3 Ke5 39. Kg2 Kd4 40. Kf2 Kd3 0-1

[Event "Sparkassen-Open B"]
[Site "Heusenstamm, Martinsee"]
[Date "2023.11.24"]
[Round "3.51"]
[White "Baumgart, Jost"]
[Black "Fischermann, Charlotte"]
[Result "0-1"]
[WhiteElo "1411"]
[BlackElo "1248"]
[PlyCount "86"]
[EventDate "2023.??.??"]
[WhiteTeam "SK Marburg 1931/72"]
[BlackTeam "SG Porz e. V."]

1. e4 e5 2. Nf3 Nc6 3. Bb5 Nf6 4. O-O Bd6 5. Re1 a6 6. Ba4 O-O 7. c3 b5 8. Bb3 Re8 9. d3 Bc5 10. Nbd2 d5 11. exd5 Nxd5 12. Ne4 Bb6 13. Bg5 Nde7 14. Ng3 h6 15. Bh4 Bg4 16. h3 Bd7 17. Nxe5 Nxe5 18. Rxe5 g5 19. Bxg5 hxg5 20. Rxg5+ Ng6 21. Rxg6+ Kf8 22. Qf3 Qe7 23. Bxf7 Qxf7 24. Rf6 Be6 25. Rxf7+ Bxf7 26. Nf5 Rad8 27. d4 Re6 28. Qb7 Rde8 29. Qxa6 Bxd4 30. Qa3+ b4 31. Qxb4+ c5 32. Qb5 Be5 33. Qxc5+ Kg8 34. a4 Bf4 35. g3 Bb8 36. b4 Re5 37. Nh6+ Kg7 38. Qb6 R5e6 39. Nf5+ Kf6 40. Qb7 Bg6 41. Ng7 Re1+ 42. Rxe1 Rxe1+ 43. Kg2 Be4+ 0-1

[Event "Sparkassen-Open B"]
[Site "Heusenstamm, Martinsee"]
[Date "2023.11.24"]
[Round "3.52"]
[White "Laznik, Zeljko"]
[Black "Wiencken, Marcus"]
[Result "1-0"]
[WhiteElo "1407"]
[BlackElo "1232"]
[PlyCount "61"]
[EventDate "2023.??.??"]
[WhiteTeam "SF Heusenstamm"]
[BlackTeam "Schachforum Darmstadt 1994"]

1. e4 e5 2. Nc3 Bc5 3. Nf3 d6 4. h3 Nf6 5. a3 O-O 6. d3 a6 7. Bg5 Nbd7 8. Qd2 b5 9. b4 Ba7 10. Be2 Qe8 11. O-O Bb7 12. Be3 Bb8 13. Nh2 Qe6 14. Bg4 Nxg4 15. Nxg4 Nf6 16. Nxf6+ Qxf6 17. f4 exf4 18. Rxf4 Qe6 19. Raf1 Bc8 20. Qf2 Qg6 21. Rf3 c6 22. Rg3 Qe6 23. Bd4 g6 24. Qe3 d5 25. Qh6 f6 26. Rxg6+ hxg6 27. Qxg6+ Kh8 28. Bxf6+ Rxf6 29. Rxf6 Qg8 30. Qh6+ Qh7 31. Rf8# 1-0

[Event "Sparkassen-Open B"]
[Site "Heusenstamm, Martinsee"]
[Date "2023.11.24"]
[Round "3.53"]
[White "Junkers, Günter"]
[Black "Tran, Duy-Khang"]
[Result "0-1"]
[WhiteElo "1192"]
[BlackElo "1381"]
[PlyCount "62"]
[EventDate "2023.??.??"]
[WhiteTeam "SSG Rödermark/Eppertshausen"]
[BlackTeam "TSV 1869 Rottendorf"]

1. e4 c5 2. Nc3 d6 3. Nf3 Nf6 4. h3 Nc6 5. Bd3 Nd4 6. Nxd4 cxd4 7. Nd5 Nxd5 8. exd5 Qa5 9. O-O Qxd5 10. Re1 b6 11. Be4 Qg5 12. Bxa8 Bxh3 13. Qf3 Bf5 14. Bc6+ Kd8 15. Be4 Bxe4 16. Rxe4 h5 17. Rxd4 h4 18. Qg4 Qe5 19. d3 Qe1+ 20. Kh2 h3 21. Re4 Qxf2 22. Qxh3 Rxh3+ 23. Kxh3 Qxc2 24. Rc4 Qxd3+ 25. Kh2 Qxc4 26. Be3 Qb5 27. b3 Qe5+ 28. Kh1 Qxa1+ 29. Bg1 d5 30. a4 d4 31. Kh2 d3 0-1